000
00298nam a22001337a 4500
008
170201b xxu||||| |||| 00| 0 eng d
020
_a
0394582489
041
_a
eng
080
_a
61
100
_a
3
101
_a
SHM
245
_a
THE AMERICAN MEDICAL ASSOCIATION
_c
CLAYMAN, CH.B
942
_2
udc
_c
BK
999
_c
4213
_d
4213